Countries Closest to Romania - Statistics

General Stats
  • This quiz has been taken 12 times
  • The average score is 18 of 20
Answer Stats
km Country % Correct
0 Bulgaria
100%
108 Croatia
100%
0 Hungary
100%
0 Ukraine
100%
339 Czech Republic
92%
155 Kosovo
92%
0 Moldova
92%
101 Poland
92%
0 Serbia
92%
71 Slovakia
92%
301 Austria
83%
158 Bosnia and Herzegovina
83%
216 Greece
83%
169 North Macedonia
83%
213 Russia
83%
285 Slovenia
83%
198 Turkey
83%
264 Albania
75%
391 Belarus
75%
218 Montenegro
75%
No matching quizzes found
Score Distribution
Percent of People with Each Score
Percentile by Number Answered
Your Score History
You have not taken this quiz